| 000 | 00750nam a2200241 a 4500 | ||
|---|---|---|---|
| 001 | 000034650 | ||
| 003 | DO-SdBNP | ||
| 005 | 20241009115417.0 | ||
| 008 | 111012s2009 000 spa d | ||
| 020 | _a9789583004582 | ||
| 040 |
_aDO-SdBNP _bspa _cBNPHU |
||
| 082 | 4 |
_aU863.3 _bQ8c |
|
| 100 | 1 |
_aQuiroga, Horacio _960086 _d1878 |
|
| 245 | 0 |
_aCuentos de la selva / _cHoracio Quiroga ; ilustraciones de Esperanza Vallejo |
|
| 260 |
_aSantafé de Bogota : _bPanamericana Editores, _c2009. |
||
| 300 |
_a186 p. : _bil. ; _c21 cm. |
||
| 590 | _aInventariado, 2023/MFF | ||
| 650 | 0 |
_aLiteratura _93439 |
|
| 650 | 4 | _cCuentos uruguayos | |
| 700 | 1 |
_aVallejo, Esperanza, _eil. _983988 |
|
| 900 | _aValidado. Control de calidad MFF | ||
| 942 |
_2ddc _cLBS1 |
||
| 999 |
_c34141 _d34141 |
||